000 00442cam a2200193ua 4500
001 10339
008 180419n ii |||gr||||Z||||||eng
020 _a9788173817472
040 _cMAIN
041 _aeng
082 _a338.5
100 _aBhaduri, Sunil,
_eAuthor.
245 _aMicroeconomic theory
_cBy Sunil Bhaduri
250 _a2nd ed.
260 _aKolkata:
_bNCBA,
_c2012.
300 _a331p.
653 _aProduction
942 _cBK
999 _c9332
_d9332